Mechanizmy vybraných krajín na preverovanie zahraničných investícií

Vybrané mechanizmy USA, EÚ a ČĽR na preskúmavanie prichádzajúcich zahraničných investícií. Komparatívna analýza úpravy obmedzení pre vstup zahraničných investícií.

Uložené v:
Podrobná bibliografia
Hlavný autor: Brocková, Katarína, 1976-
Médium: Kapitola
Jazyk:Slovak
Predmet:
Tagy: Pridať tag
Žiadne tagy, Buďte prvý, kto otaguje tento záznam!

MARC

LEADER 00000naa$a2200000$$$4500
001 0281342
005 20240502074358.1
041 0 |a slo 
044 |a SK 
245 1 0 |a Mechanizmy vybraných krajín na preverovanie zahraničných investícií  |c Katarína Brocková 
520 |a Vybrané mechanizmy USA, EÚ a ČĽR na preskúmavanie prichádzajúcich zahraničných investícií. Komparatívna analýza úpravy obmedzení pre vstup zahraničných investícií. 
610 2 0 |a investície zahraničné 
610 2 0 |a bezpečnosť národná 
610 2 0 |a bezpečnosť ekonomická 
610 2 0 |a Čína 
610 2 0 |a Európska únia 
610 2 0 |a USA 
100 1 |a Brocková, Katarína, 1976-